[Event "Sao Paulo-chT1"]
[Site "Sao Paulo"]
[Date "2019.02.24"]
[Round "4.3"]
[White "De Souza, Ana Lucia Silva"]
[Black "Da Silva Junior, Ruben Correa"]
[Result "0-1"]
[WhiteElo "1481"]
[BlackElo "1643"]
[PlyCount "82"]
[EventDate "2019.02.23"]
[EventType "team-tourn"]
[EventRounds "7"]
[EventCountry "BRA"]
[SourceTitle "EXT 2021"]
[Source "ChessBase"]
[SourceDate "2020.10.23"]
[SourceVersion "1"]
[SourceVersionDate "2020.10.23"]
[SourceQuality "1"]
[WhiteTeam "Osasco III"]
[BlackTeam "Sao Jose Chess Empire"]
[WhiteTeamCountry "BRA"]
[BlackTeamCountry "BRA"]

1. e4 c5 2. Nf3 e6 3. d4 cxd4 4. Nxd4 a6 5. a3 Qc7 6. Nc3 Nf6 7. Be3 Be7 8. Be2 d6 9. 0-0 Nbd7 10. f4 b6 11. Bf3 Bb7 12. Kh1 Rc8 13. Qe1 0-0 14. Rd1 Rfe8 15. g4 d5 16. e5 Ne4 17. Nxe4 dxe4 18. Bg2 Bc5 19. c3 Bd5 20. Nf5 Bc4 21. Bxc5 Nxc5 22. Nd6 Bxf1 23. Qxf1 Red8 24. Nxc8 Rxd1 25. Qxd1 Qxc8 26. Qd6 Nd3 27. Qxb6 Qc5 28. Qd8+ Qf8 29. Qxf8+ Kxf8 30. b4 e3 31. Bf1 Nxf4 32. Bxa6 e2 33. Bxe2 Nxe2 34. c4 Ke7 35. Kg2 Kd7 36. b5 Nc3 37. Kf3 Kc7 38. Ke3 Kb6 39. Kd3 Na4 40. Kd4 g5 41. h3 h6 0-1

[Event "BRA-ch sf (Women)"]
[Site "Sao Paulo"]
[Date "2018.12.07"]
[Round "2"]
[White "De Souza, Ana Lucia Silva"]
[Black "Gazola, Vanessa Ramos"]
[Result "0-1"]
[WhiteElo "1485"]
[BlackElo "1976"]
[PlyCount "48"]
[EventDate "2018.12.07"]
[EventType "swiss"]
[EventRounds "6"]
[EventCountry "BRA"]
[SourceTitle "EXT 2022"]
[Source "ChessBase"]
[SourceDate "2021.10.06"]
[SourceVersion "1"]
[SourceVersionDate "2021.10.06"]
[SourceQuality "1"]

1. e4 c5 2. Nf3 a6 3. d4 cxd4 4. Nxd4 Nf6 5. Nc3 e5 6. Nf3 Bb4 7. Bd2 d6 8. Bd3 Nbd7 9. 0-0 Nc5 10. Re1 Bg4 11. a3 Bxc3 12. Bxc3 0-0 13. Re3 Rc8 14. Rb1 Qe7 15. h3 Bh5 16. Qe1 Ne6 17. Nh4 Bg6 18. Nf5 Bxf5 19. exf5 Nf4 20. Rf3 N4d5 21. Bd2 e4 22. Rg3 exd3 23. Bh6 Qxe1+ 24. Rxe1 Nh5 0-1